La palabra de la novela
Salvato in:
| Autore principale: | |
|---|---|
| Natura: | Sconosciuto |
| Pubblicazione: |
La Habana, Cuba:
|
| Soggetti: | |
| Tags: |
Aggiungi Tag
Nessun Tag, puoi essere il primo ad aggiungerne!!
|
MARC
| LEADER | 000000000a22000000004500 | ||
|---|---|---|---|
| 001 | 000686 | ||
| 041 | 0 | |a español | |
| 092 | 0 | |a Artículo 5: Ampo 1 | |
| 100 | 1 | |a Bajtin, Mijail Mijailovich, 1895-1975 | |
| 245 | 1 | 0 | |a La palabra de la novela |
| 260 | |a La Habana, Cuba: | ||
| 500 | |a Articulos recopilados por Alvaro Quesada Soto | ||
| 650 | 4 | |a PALABRA (LINGUISTICA) | |
| 650 | 4 | |a NOVELA | |
| 650 | 4 | |a FORMAS LITERARIAS | |
| 650 | 4 | |a ESTETICA LITERARIA | |
| 650 | 4 | |a ESTILO LITERARIO | |
| 773 | 0 | |t Problemas literarios y estéticos | |
| 773 | 0 | |g 1986 | |
| 773 | 0 | |g 83-268 | |
| 999 | |c 944 |d 944 | ||
